India-Pakistan Relations: (Record no. 186048)

MARC details
000 -LEADER
fixed length control field 00639nam a22001937a 4500
005 - DATE AND TIME OF LATEST TRANSACTION
control field 20220214113652.0
010 ## - LCCN (DPL NO)
LC control number ENG-131566
020 ## - INTERNATIONAL STANDARD BOOK NUMBER
International Standard Book Number 9789381234945
Terms of availability 895.00
035 ## - SYSTEM CONTROL NUMBER
System control number EN-115098
037 ## - SOURCE OF ACQUISITION
Source of stock number/acquisition DBAD
082 ## - DEWEY DECIMAL CLASSIFICATION NUMBER
Classification number 3237.540547
245 ## - TITLE STATEMENT
Title India-Pakistan Relations:
Remainder of title Issues and Emerging Trends/
Statement of responsibility, etc Edited by Sanjay Kumar, Neelam Kumari
260 ## - PUBLICATION, DISTRIBUTION, ETC. (IMPRINT)
Place of publication, distribution, etc Delhi
Name of publisher, distributor, etc Ankit Publications
Date of publication, distribution, etc 2021
270 ## - ADDRESS
Address R-69, 3rd Floor, Model Town-3
City Delhi
Postal code 110009
Electronic mail address ankitpublications@yahoo.co.in
300 ## - PHYSICAL DESCRIPTION
Extent 291p.
Other physical details Index
Dimensions 22cm(hbk)
700 ## - ADDED ENTRY--PERSONAL NAME
Personal name Kumar, Sanjay
700 ## - ADDED ENTRY--PERSONAL NAME
Personal name Kumari, Neelam
942 ## - ADDED ENTRY ELEMENTS (KOHA)
Source of classification or shelving scheme Dewey Decimal Classification
Item type English Books
Classification part 327.540547
Call number suffix IND
Holdings
Withdrawn status Lost status Not for loan Collection code Home library Current library Date acquired Source of acquisition Cost, normal purchase price Full call number Barcode Copy number Cost, replacement price Koha item type
      Non-fiction Bawana Bawana 14/02/2022 DBAD/PUB 895.00 327.540547 IND EN-115098 1 895.00 English Books

© Delhi Public Library
Hit Counter
free hit counter